00607nam a2200157 a 450000500170000000800410001702000180005805000260007610000210010224501100012326000640023330000160029765000120031399900190032595201050034420140412111236.0001120s19uu xx 00 eng d a0-914395-02-5 aTR(GS 372.4bH11 1984 aHargrave, Rowena aThe blue book :bbasic reading skills /cby Rowena Hargrave and Ruth Bersin ; edited by Joureene Panvier. aPeotone, Ill :bContemporary Learning Materials Inc,c1984. a96 p.; ill. aReading c102469d102469 001040aELbELcTRd2000-11-20l0oTR(GS 372.4 H11 1984pE1830r2014-04-12 00:00:00w2014-04-12yBK